VALORISATION DES SOUS-PRODUITS AGRICOLES TROPICAUX EIEMENTS DE BIBLIOGRAPHIE ET REPERTOIRE DES CENTRES DE RECHERCHE (Record no. 22124)
[ view plain ]
| 000 -LEADER | |
|---|---|
| fixed length control field | 00389nam a22001337a 4500 |
| 003 - CONTROL NUMBER IDENTIFIER | |
| control field | LRUA |
| 005 - DATE AND TIME OF LATEST TRANSACTION | |
| control field | 20231106220024.0 |
| 008 - FIXED-LENGTH DATA ELEMENTS--GENERAL INFORMATION | |
| fixed length control field | 231106b xxu||||| |||| 00| 0 eng d |
| 040 ## - CATALOGING SOURCE | |
| Transcribing agency | DLC |
| 082 ## - DEWEY DECIMAL CLASSIFICATION NUMBER | |
| Edition number | 630 VAL 1980 C073 Or. |
| 245 ## - TITLE STATEMENT | |
| Title | VALORISATION DES SOUS-PRODUITS AGRICOLES TROPICAUX EIEMENTS DE BIBLIOGRAPHIE ET REPERTOIRE DES CENTRES DE RECHERCHE |
| 300 ## - PHYSICAL DESCRIPTION | |
| Extent | 198P |
| 942 ## - ADDED ENTRY ELEMENTS (KOHA) | |
| Source of classification or shelving scheme | |
| Koha item type | សៀវភៅភាសាអង់គ្លេស |
| Price effective from | Date last seen | Permanent Location | Not for loan | Date acquired | Source of classification or shelving scheme | Koha item type | Barcode | Lost status | Damaged status | Shelving location | Withdrawn status | Current Location | Full call number |
|---|---|---|---|---|---|---|---|---|---|---|---|---|---|
| 2023-11-06 | 2023-11-06 | Library Block C | 2023-11-06 | សៀវភៅភាសាអង់គ្លេស | a25898 | C073 | Library Block C | 630 VAL 1980 C073 Or. |